| 000 | 00665nam a22001937a 4500 | ||
|---|---|---|---|
| 999 |
_c173724 _d173724 |
||
| 005 | 20200305164313.0 | ||
| 010 | _aENG-128004 | ||
| 020 |
_a9789353286422 _c895.00 |
||
| 035 | _aEN-111536 | ||
| 037 | _bDBAD/PUB | ||
| 082 | _a327.54 | ||
| 100 | _aTripathi,Sudhanshu | ||
| 245 |
_aINDIA'S FOREIGN POLICY : _cby Sudhanshu Tripathi _bdilemma over non-alignment 2.0 Author/ |
||
| 260 |
_aNew Delhi _bSage Publication India _c2020 |
||
| 270 |
_aB1/1-1 Mohan Cooperative Industrial Area Mathura Road _bNew Delhi _e110044 |
||
| 300 |
_axii;203p. _c22cm(hb) |
||
| 500 | _aincludes bibliographical references and index | ||
| 942 |
_2ddc _cEN _h327.54 _mTRI |
||